The Canonical Significance of the Synod of Bishops of 1994 on Consecrated Life : (Record no. 603541)

MARC details
000 -LEADER
fixed length control field 00572nam a2200193 a 4500
008 - FIXED-LENGTH DATA ELEMENTS--GENERAL INFORMATION
fixed length control field 251221s2003##################000#0#eng##
020 ## - INTERNATIONAL STANDARD BOOK NUMBER
ISBN 9783631505571
082 04 - DEWEY DECIMAL CLASSIFICATION NUMBER
Classification number 262.94
Item number KAL
100 1# - MAIN ENTRY--AUTHOR NAME
Personal name Kallidukil, Johnson Michael,
245 10 - TITLE STATEMENT
Title The Canonical Significance of the Synod of Bishops of 1994 on Consecrated Life :
260 ## - PUBLICATION, DISTRIBUTION, ETC. (IMPRINT)
Name of publisher Peter Lang Pub Incorporated,
Year of publication 2003.
300 ## - PHYSICAL DESCRIPTION
Number of Pages 330 pages
650 #0 - SUBJECT ADDED ENTRY--TOPICAL TERM
Topical Term Religion.
942 ## - ADDED ENTRY ELEMENTS (KOHA)
Koha item type English Books
Holdings
Withdrawn status Lost status Damaged status Not for loan Home library Current library Shelving location Date acquired Full call number Accession Number Price effective from Koha item type
        Anna Centenary Library Anna Centenary Library 3RD FLOOR, B WING 22.12.2025 262.94 KAL 216469 22.12.2025 English Books

Find us on the map